00457 2200181 4500001002100000005001500021035002000036007000300056008004100059020001800100082001000118084001600128100001900144245002500163260003800188300003800226600001100264INLIS00000000000007420231002103058 a0010-1023000010ta231002 g 0 ind  a979-489-139.8 a633.1 a633.1 TIM s0 aTim Penulis PS1 aSweet Corn Baby Corn aJakarta :bPenebar Swadaya,c1992 a79 hlm, :bilus, ;c14 cm x 21 cm 4aJagung